Statistics for Countries without free internet access

Click here to take the quiz!

General Stats

  • This quiz has been taken 133 times
  • The average score is 8 of 16

Answer Stats

Answer% Correct
North Korea
89%
China
81%
Iran
76%
Cuba
62%
Saudi Arabia
61%
Vietnam
56%
Syria
54%
Egypt
50%
Libya
48%
Turkmenistan
40%
Belarus
35%
Uzbekistan
34%
Burma
32%
Tunisia
31%
Nepal
25%
Maldives
10%

Score Distribution

Percentile by Number Answered

Percent of People with Each Score

Your Score History

You have not taken this quiz